|
|
|
|
| LEADER |
01130nam a2200301 a 4500 |
| 001 |
36116 |
| 003 |
BD-DhAAL |
| 005 |
20211129161659.0 |
| 008 |
190923t2001 mau b 001 0 eng |
| 999 |
|
|
|c 41390
|d 41390
|
| 010 |
|
|
|a 97021713
|
| 020 |
|
|
|a 0674017331 (alk. paper)
|
| 020 |
|
|
|a 9780674005815
|
| 040 |
|
|
|a DLC
|c DLC
|d DLC
|d BD-DhAAL
|
| 050 |
0 |
0 |
|a BF717
|b .S93 1997
|
| 082 |
0 |
0 |
|a 155
|2 21
|
| 100 |
2 |
|
|a Sutton-Smith, Brian.
|9 35174
|
| 245 |
1 |
4 |
|a The ambiguity of play /
|c Brian Sutton-Smith.
|
| 250 |
|
|
|a First edition 2001
|
| 260 |
|
|
|a Cambridge, Mass. ;
|a London :
|b Harvard University Press,
|c 2001
|
| 300 |
|
|
|a x, 276 pages ;
|c 24 cm.
|
| 504 |
|
|
|a Includes bibliographical references (p. 233-271) and index.
|
| 526 |
|
|
|a BIED
|
| 541 |
|
|
|a Complimentary copy from BIED
|e 36116
|
| 650 |
|
0 |
|a Play
|x Psychological aspects.
|9 35175
|
| 852 |
|
|
|a Ayesha Abed Library
|c BIED Collection
|
| 942 |
|
|
|2 ddc
|c BK
|
| 952 |
|
|
|0 0
|1 0
|2 ddc
|4 0
|6 155_000000000000000_SUT
|7 0
|9 66488
|a BRACUL
|b BRACUL
|c GEN
|d 2019-09-23
|e Complimentary copy from BIED
|l 0
|o 155 SUT
|p 3010036116
|r 2019-09-23
|t 1
|w 2019-09-23
|y BK
|x Transferred from BIED to General Stacks
|